000 02683cam a22004458i 4500
001 23464214
003 URS
005 20260223164113.0
008 231219s2024 enk b 001 0 eng
010 _a 2023054694
020 _a9781009349529
_q(hardback)
020 _a9781009349543
_q(paperback)
020 _z9781009349567
_q(ebook)
035 _a23464214
040 _aDLC
_beng
_erda
_cDLC
_dDLC
042 _apcc
050 0 0 _aPN781
_b.C38 2024
082 0 0 _a809/.05
_223/eng/20240102
_bC1441 2024
100 _aHammond, Adam.,
_eeditor
245 0 4 _aThe Cambridge companion to literature in a digital age /
_cedited by Adam Hammond.
264 1 _aCambridge, United Kingdom ;
_aNew York, NY :
_bCambridge University Press,
_c2024.
300 _axii, 295 pages;
_c23 cm.
336 _atext
_btxt
_2rdacontent
337 _aunmediated
_bn
_2rdamedia
338 _avolume
_bnc
_2rdacarrier
490 0 _aCCL Cambridge companions to literature
504 _aIncludes bibliographical references and index.
505 0 _aIntroduction / Adam Hammond -- Data and the discipline / Yohei Igarashi -- Literary change / Ted Underwood -- The canon / Mark Algee-Hewitt -- Sound and performance / Marit J. MacArthur and Lee M. Miller -- The archive / Katherine Bode -- Editions / Anna Mukamal, Claire Battershill, and Helen Southworth -- Materiality / Dennis Yi Tenen -- The literary marketplace / Tully Barnett -- Fanfiction, digital platforms, and social reading / Anna Wilson -- Narrative and interactivity / Emily Short -- Generated literature / Nick Montfort and Judy Heflin -- Literary gaming / Timothy Welsh -- The printed book in the digital age / Inge van de Ven -- Literature's audioptic platform / Garrett Stewart -- Critique / Gabriel Hankins.
520 _a"Literature has experienced two great medium shifts: from orality to writing, and from writing to printing. Today we are experiencing a third, from printed to digital forms. This book explores the way that this latest shift is reconfiguring the foundational concepts of literary studies: the canon, periodization, authorship, narrative, and beyond"--
_cProvided by publisher.
650 0 _aLiterature, Modern
_y21st century
_xHistory and criticism
_xTheory, etc.
650 0 _aLiterature
_xStudy and teaching.
650 0 _aComputational linguistics.
650 0 _aLiterature publishing
_xTechnological innovations.
650 0 _aLiterature and technology.
650 0 _aDigital humanities.
700 1 _aHammond, Adam,
_d1981-
_eeditor.
906 _a0
_bvip
_corignew
_d1
_eecip
_f20
_gy-gencatlg
942 _2ddc
_cFR
999 _c98782
_d98779